[Event "Titled Tuesday intern op 04th Feb Early"]
[Site "Chess.com INT"]
[Date "2025.02.04"]
[Round "1"]
[White "Zienkiewicz, Jan"]
[Black "Thipsay, Bagyashree Sathe"]
[Result "1-0"]
[WhiteElo "2345"]
[BlackElo "2075"]
[PlyCount "107"]
[EventDate "2025.02.04"]
[EventType "swiss (blitz)"]
[EventRounds "11"]
[EventCountry "USA"]
[SourceTitle "CB07_2025"]
[SourceDate "2025.02.12"]
[SourceVersion "1"]
[SourceVersionDate "2025.02.12"]
[SourceQuality "1"]

1. e4 c6 2. d4 d5 3. exd5 cxd5 4. Bd3 Nc6 5. c3 Nf6 6. Bf4 Bg4 7. Qb3 Qd7 8. Nd2 e6 9. Ngf3 Bd6 10. Bxd6 Qxd6 11. Qxb7 Rb8 12. Qa6 Rb6 13. Qa4 0-0 14. Qc2 Rc8 15. a3 h6 16. 0-0 a5 17. h3 Bxf3 18. Nxf3 Qb8 19. Rab1 Qf4 20. Rfe1 Nd7 21. Qd2 Qf6 22. b4 axb4 23. cxb4 Rbb8 24. b5 Ne7 25. Ne5 Nb6 26. a4 Nxa4 27. Nd7 Qh4 28. Nxb8 Rxb8 29. Bf1 Nf5 30. Red1 Nb6 31. Qc3 Qg5 32. Qc7 Qd8 33. Qxd8+ Rxd8 34. g4 Nd6 35. Rdc1 Rb8 36. Rc6 Ndc4 37. Bxc4 dxc4 38. f3 Kf8 39. Kf2 Ke8 40. Ra1 Rb7 41. Ra6 Nd5 42. b6 Kd7 43. Rxc4 Rxb6 44. Ra7+ Kd6 45. Rxf7 g5 46. Rc2 Rb3 47. Rh7 Rd3 48. Rxh6 Rxd4 49. h4 gxh4 50. Rxh4 Nf4 51. Kg3 e5 52. Rh6+ Kd5 53. Rcc6 Ra4 54. Rhd6# 1-0

[Event "Titled Tuesday intern op 28th Jan Early"]
[Site "Chess.com INT"]
[Date "2025.01.28"]
[Round "5"]
[White "Bykovskiy, Oleg"]
[Black "Zienkiewicz, Jan"]
[Result "0-1"]
[WhiteElo "2206"]
[BlackElo "2309"]
[PlyCount "62"]
[EventDate "2025.01.28"]
[EventType "swiss (blitz)"]
[EventRounds "11"]
[EventCountry "USA"]
[SourceTitle "CB06_2025"]
[SourceDate "2025.02.05"]
[SourceVersion "1"]
[SourceVersionDate "2025.02.05"]
[SourceQuality "1"]

1. d4 Nf6 2. c4 e6 3. Nc3 c5 4. d5 exd5 5. cxd5 d6 6. e4 g6 7. f4 Bg7 8. Be2 0-0 9. e5 dxe5 10. fxe5 Nfd7 11. e6 fxe6 12. dxe6 Qh4+ 13. g3 Bxc3+ 14. bxc3 Qe4 15. exd7 Qxh1 16. Be3 Bxd7 17. Bxc5 Be6 18. Bxf8 Qxg1+ 19. Kd2 Qxd1+ 20. Rxd1 Kxf8 21. Bf3 Nc6 22. Rf1 Rd8+ 23. Kc2 Ke7 24. Re1 Kf6 25. Rf1 Bf5+ 26. Kc1 Kg7 27. Re1 Rd3 28. Bh1 Rxc3+ 29. Kb2 Rc2+ 30. Kb3 Rxh2 31. Rd1 Bc2+ 0-1

[Event "Titled Tuesday intern op 28th Jan Early"]
[Site "Chess.com INT"]
[Date "2025.01.28"]
[Round "8"]
[White "Galchenko, Matvey"]
[Black "Zienkiewicz, Jan"]
[Result "1-0"]
[WhiteElo "2438"]
[BlackElo "2309"]
[PlyCount "55"]
[EventDate "2025.01.28"]
[EventType "swiss (blitz)"]
[EventRounds "11"]
[EventCountry "USA"]
[SourceTitle "CB06_2025"]
[SourceDate "2025.02.05"]
[SourceVersion "1"]
[SourceVersionDate "2025.02.05"]
[SourceQuality "1"]

1. f4 e5 2. fxe5 d6 3. exd6 Bxd6 4. Nf3 Bg4 5. e4 Nc6 6. Bb5 Qf6 7. c3 0-0-0 8. Bxc6 bxc6 9. 0-0 Qf4 10. Qe2 Re8 11. Qa6+ Kd7 12. d3 Qf6 13. Bg5 Qg6 14. Nbd2 h6 15. Be3 Nf6 16. Nd4 Qh5 17. Qxc6+ Kd8 18. Bf4 Bd7 19. Qc4 Ng4 20. h3 Bxf4 21. Rxf4 Ne5 22. Qd5 Qg5 23. Raf1 h5 24. Nc4 Nxc4 25. Qxg5+ Kc8 26. dxc4 Be6 27. Nxe6 Rxe6 28. Rxf7 1-0

[Event "Titled Tuesday intern op 14th Jan Early"]
[Site "Chess.com INT"]
[Date "2025.01.14"]
[Round "5"]
[White "Wagner, Dennis"]
[Black "Zienkiewicz, Jan"]
[Result "1-0"]
[WhiteElo "2614"]
[BlackElo "2309"]
[PlyCount "49"]
[EventDate "2025.01.14"]
[EventType "swiss (blitz)"]
[EventRounds "11"]
[EventCountry "USA"]
[SourceTitle "CB04_2025"]
[SourceDate "2025.01.22"]
[SourceVersion "1"]
[SourceVersionDate "2025.01.22"]
[SourceQuality "1"]

1. d4 Nf6 2. c4 c5 3. d5 b5 4. cxb5 a6 5. bxa6 Bxa6 6. Nc3 d6 7. Nf3 g6 8. e4 Bxf1 9. Kxf1 Bg7 10. g3 0-0 11. Kg2 Nbd7 12. a4 Ra6 13. Re1 Qa8 14. Ra3 Rb8 15. Nb5 Rb7 16. Qc2 Nb6 17. b3 Nxa4 18. bxa4 Rxb5 19. axb5 Rxa3 20. Bxa3 Qxa3 21. b6 Nd7 22. b7 Qa7 23. Rb1 e6 24. dxe6 fxe6 25. Qb3 1-0

[Event "Titled Tuesday intern op 14th Jan Early"]
[Site "Chess.com INT"]
[Date "2025.01.14"]
[Round "7"]
[White "Zienkiewicz, Jan"]
[Black "Atoyan, Alberto"]
[Result "1/2-1/2"]
[WhiteElo "2309"]
[BlackElo "2235"]
[PlyCount "144"]
[EventDate "2025.01.14"]
[EventType "swiss (blitz)"]
[EventRounds "11"]
[EventCountry "USA"]
[SourceTitle "CB04_2025"]
[SourceDate "2025.01.22"]
[SourceVersion "1"]
[SourceVersionDate "2025.01.22"]
[SourceQuality "1"]

1. e4 e6 2. d4 d5 3. Nd2 dxe4 4. Nxe4 Nf6 5. Bd3 Nbd7 6. Qe2 Nxe4 7. Bxe4 Nf6 8. Bxb7 Bxb7 9. Qb5+ Nd7 10. Qxb7 Bd6 11. Nf3 0-0 12. 0-0 Qf6 13. c3 Nb6 14. Qe4 h6 15. b3 c5 16. Bb2 c4 17. Rae1 Rac8 18. Ne5 Rfd8 19. Nxc4 Nxc4 20. bxc4 Rxc4 21. Re3 Rdc8 22. Rf3 Qe7 23. Re1 Qc7 24. g3 Qc6 25. Qe2 a5 26. a3 a4 27. h4 Qb7 28. h5 R4c7 29. Re3 Qb3 30. Rb1 Qd5 31. Kh2 Rb7 32. Rd1 Rcb8 33. c4 Qf5 34. Bc3 Bxa3 35. c5 Qd5 36. Qf3 Qxf3 37. Rxf3 Rb3 38. Rdd3 Bc1 39. c6 Rc8 40. d5 exd5 41. Rxd5 Ba3 42. Rd7 Rxc6 43. Rfxf7 Rbxc3 44. Rxg7+ Kf8 45. Rh7 Ke8 46. Ra7 R3c4 47. Rh8+ Bf8 48. Ra8+ Rc8 49. Ra7 a3 50. Rxa3 R4c5 51. g4 R8c7 52. Rf3 Rf7 53. Re3+ Kd7 54. Rg8 Bd6+ 55. Kg2 Rc2 56. Rf3 Rxf3 57. Kxf3 Bc5 58. Rg6 Rxf2+ 59. Ke4 Bf8 60. g5 hxg5 61. Rxg5 Rh2 62. Kf5 Ke7 63. Kg6 Rf2 64. Rg1 Rf6+ 65. Kg5 Bh6+ 66. Kg4 Rf4+ 67. Kh3 Kf6 68. Rg6+ Kf5 69. Rxh6 Kg5 70. Rh8 Rh4+ 71. Kg3 Rxh5 72. Rxh5+ Kxh5 1/2-1/2

[Event "Titled Tuesday intern op 14th Jan Early"]
[Site "Chess.com INT"]
[Date "2025.01.14"]
[Round "4"]
[White "Zienkiewicz, Jan"]
[Black "Hamidov, Allahverdi"]
[Result "1-0"]
[WhiteElo "2309"]
[BlackElo "2200"]
[PlyCount "89"]
[EventDate "2025.01.14"]
[EventType "swiss (blitz)"]
[EventRounds "11"]
[EventCountry "USA"]
[SourceTitle "CB04_2025"]
[SourceDate "2025.01.22"]
[SourceVersion "1"]
[SourceVersionDate "2025.01.22"]
[SourceQuality "1"]

1. Nf3 Nf6 2. g3 d5 3. Bg2 e6 4. 0-0 Be7 5. d4 0-0 6. c3 c5 7. Bf4 Nc6 8. Ne5 cxd4 9. cxd4 Qb6 10. Nxc6 bxc6 11. b3 c5 12. dxc5 Bxc5 13. Nc3 Bd7 14. e4 d4 15. e5 dxc3 16. exf6 Rad8 17. Qh5 Bd4 18. fxg7 Bxg7 19. Bh6 Qd4 20. Rad1 Qf6 21. Bg5 Qf5 22. Qh4 f6 23. Be3 Bb5 24. Be4 Bxf1 25. Bxf5 Rxd1 26. Qxh7+ Kf7 27. Bg6+ Ke7 28. Qxg7+ Rf7 29. Qxf7+ Kd8 30. Qxf6+ Kd7 31. Qf7+ Kd8 32. Qf8+ Kd7 33. Be8+ Kc7 34. Qe7+ Kc8 35. Qxe6+ Kd8 36. Bg5+ Kc7 37. Qe5+ Kc8 38. Qxc3+ Kb7 39. Bc6+ Kb6 40. Be3+ Kc7 41. Bf3+ Bc4+ 42. Bxd1 Kb8 43. Qb4+ Ka8 44. Bf3+ Bd5 45. Bxd5# 1-0

[Event "Titled Tuesday intern op 14th Jan Early"]
[Site "Chess.com INT"]
[Date "2025.01.14"]
[Round "11"]
[White "Zienkiewicz, Jan"]
[Black "Parpiev, Isaak"]
[Result "1-0"]
[WhiteElo "2309"]
[BlackElo "2310"]
[PlyCount "63"]
[EventDate "2025.01.14"]
[EventType "swiss (blitz)"]
[EventRounds "11"]
[EventCountry "USA"]
[SourceTitle "CB04_2025"]
[SourceDate "2025.01.22"]
[SourceVersion "1"]
[SourceVersionDate "2025.01.22"]
[SourceQuality "1"]

1. e4 c5 2. Nf3 d6 3. d4 cxd4 4. Nxd4 Nf6 5. Nc3 a6 6. Qf3 e6 7. g4 Be7 8. g5 Nfd7 9. h4 Nc6 10. Be3 0-0 11. 0-0-0 Nxd4 12. Bxd4 b5 13. Qg3 Bb7 14. Bg2 Qa5 15. Kb1 b4 16. Ne2 Rfc8 17. f4 Qa4 18. Rd2 Qb5 19. Rf1 Bf8 20. h5 e5 21. Be3 exf4 22. Qxf4 Ne5 23. g6 fxg6 24. hxg6 Nxg6 25. Qf7+ Kh8 26. Nd4 Qb6 27. Rh1 d5 28. e5 Rc7 29. Qf5 Bc8 30. e6 Bxe6 31. Nxe6 Qxe3 32. Qxg6 1-0

[Event "Titled Tuesday intern op 07th Jan Early"]
[Site "Chess.com INT"]
[Date "2025.01.07"]
[Round "1"]
[White "Carvalho, Felipe Lobo C"]
[Black "Zienkiewicz, Jan"]
[Result "0-1"]
[WhiteElo "2042"]
[BlackElo "2309"]
[PlyCount "60"]
[EventDate "2025.01.07"]
[EventType "swiss (blitz)"]
[EventRounds "11"]
[EventCountry "USA"]
[SourceTitle "CB03_2025"]
[SourceDate "2025.01.15"]
[SourceVersion "1"]
[SourceVersionDate "2025.01.15"]
[SourceQuality "1"]

1. d4 f5 2. Bf4 Nf6 3. e3 b6 4. Nf3 Bb7 5. Nbd2 g6 6. Be2 Bg7 7. 0-0 0-0 8. c4 h6 9. Ne5 Kh7 10. Bf3 Ne4 11. Nxe4 fxe4 12. Be2 d6 13. Ng4 h5 14. h3 hxg4 15. Bxg4 Nd7 16. Be6 Rf6 17. d5 Nf8 18. Bg4 Bh6 19. Bg3 e5 20. dxe6 Nxe6 21. Bh4 g5 22. Bg3 Qf8 23. Qc2 Nc5 24. Rad1 Nd3 25. Rxd3 exd3 26. Qd2 Qg7 27. Qxd3+ Qg6 28. Qd4 Bg7 29. Qd2 Raf8 30. Rd1 Qe4 0-1

[Event "Titled Tuesday intern op 07th Jan Early"]
[Site "Chess.com INT"]
[Date "2025.01.07"]
[Round "3"]
[White "Mesquita, Eduardo Barbosa"]
[Black "Zienkiewicz, Jan"]
[Result "1-0"]
[WhiteElo "2014"]
[BlackElo "2309"]
[PlyCount "99"]
[EventDate "2025.01.07"]
[EventType "swiss (blitz)"]
[EventRounds "11"]
[EventCountry "USA"]
[SourceTitle "CB03_2025"]
[SourceDate "2025.01.15"]
[SourceVersion "1"]
[SourceVersionDate "2025.01.15"]
[SourceQuality "1"]

1. e4 c5 2. Nf3 Nc6 3. d4 cxd4 4. Nxd4 e5 5. Ne2 Nf6 6. Nbc3 Bc5 7. Be3 Bxe3 8. fxe3 Qb6 9. Qc1 0-0 10. Ng3 d6 11. Bd3 Nb4 12. 0-0 Ng4 13. Rf3 Be6 14. Qd2 Rac8 15. Raf1 Nxd3 16. cxd3 Qa5 17. d4 Nh6 18. h3 b5 19. Rd1 b4 20. Nce2 Bxa2 21. Ra1 Rc6 22. b3 Ra6 23. Nc1 Qc7 24. Rxa2 Rc6 25. Nd3 a5 26. Rf2 Rc8 27. Nf1 Rc3 28. Qd1 f6 29. Ne1 Qb7 30. Nd2 Nf7 31. Nc4 Qxe4 32. Rac2 Rxb3 33. Nxd6 Nxd6 34. Rxc8+ Nxc8 35. Qxb3+ Kf8 36. Qd3 Qd5 37. dxe5 Qe6 38. exf6 gxf6 39. Qxh7 Ne7 40. Qh6+ Kf7 41. Qh5+ Kf8 42. Qf3 Ng8 43. Nd3 b3 44. Nb2 Qd6 45. Qa8+ Kg7 46. Qxa5 Qe6 47. Qd2 Qe5 48. Nd3 Qa1+ 49. Rf1 Ne7 50. Rxa1 1-0

[Event "Titled Tuesday intern op 07th Jan Early"]
[Site "Chess.com INT"]
[Date "2025.01.07"]
[Round "4"]
[White "Zienkiewicz, Jan"]
[Black "Zampronha, Wladimir Camilo"]
[Result "0-1"]
[WhiteElo "2309"]
[BlackElo "2126"]
[PlyCount "134"]
[EventDate "2025.01.07"]
[EventType "swiss (blitz)"]
[EventRounds "11"]
[EventCountry "USA"]
[SourceTitle "CB03_2025"]
[SourceDate "2025.01.15"]
[SourceVersion "1"]
[SourceVersionDate "2025.01.15"]
[SourceQuality "1"]

1. Nf3 Nf6 2. d3 d5 3. g3 c5 4. Bg2 Nc6 5. 0-0 Bg4 6. e4 e6 7. exd5 exd5 8. Re1+ Be7 9. h3 Bh5 10. Bf4 0-0 11. g4 Bg6 12. Ne5 Nxe5 13. Bxe5 Bd6 14. Nc3 d4 15. Bxd6 Qxd6 16. Ne4 Nxe4 17. Bxe4 Bxe4 18. Rxe4 f5 19. gxf5 Rxf5 20. Qg4 Qf6 21. f4 Rf8 22. Rae1 Rxf4 23. Rxf4 Qxf4 24. Qxf4 Rxf4 25. Re7 Rf7 26. Re8+ Rf8 27. Re7 Rf7 28. Re8+ Rf8 29. Re5 b6 30. Re7 Rf7 31. Re8+ Rf8 32. Re7 Rf7 33. Re6 g6 34. a3 Kg7 35. Kg2 Rc7 36. Rd6 Kf7 37. h4 Ke7 38. Rd5 Rd7 39. Re5+ Kd6 40. Re8 Re7 41. Rd8+ Kc7 42. Ra8 Re2+ 43. Kf3 Rxc2 44. Rxa7+ Kc6 45. Rxh7 Rxb2 46. Rg7 Rb3 47. Rxg6+ Kb5 48. Ke4 Rxa3 49. Rg2 Ra1 50. Rh2 Re1+ 51. Kd5 Re8 52. h5 Rd8+ 53. Ke5 c4 54. h6 c3 55. h7 Rh8 56. Kxd4 Kb4 57. Rh1 Kb3 58. Rb1+ Kc2 59. Rh1 b5 60. Ke3 b4 61. d4 Kb2 62. d5 c2 63. Kd2 Rd8 64. h8Q+ Rxh8 65. Rxh8 c1Q+ 66. Kd3 Qc3+ 67. Ke4 Qxh8 0-1

[Event "Titled Tuesday intern op 17th Sep Early"]
[Site "Chess,com INT"]
[Date "2024.09.17"]
[Round "3"]
[White "Zienkiewicz, Jan"]
[Black "Santos, Renato Andrade"]
[Result "1-0"]
[WhiteElo "2293"]
[BlackElo "2140"]
[PlyCount "41"]
[EventDate "2024.09.17"]
[EventType "swiss (blitz)"]
[EventRounds "11"]
[EventCountry "USA"]
[SourceTitle "EXT 2025"]
[Source "ChessBase"]
[SourceDate "2024.10.14"]
[SourceVersion "1"]
[SourceVersionDate "2024.10.14"]
[SourceQuality "1"]

1. Nf3 Nf6 2. d3 g6 3. g3 Bg7 4. Bg2 0-0 5. 0-0 d5 6. Nc3 c5 7. Bf4 Nc6 8. Ne5 Bd7 9. Nxd7 Qxd7 10. Rb1 d4 11. Ne4 Nxe4 12. Bxe4 e5 13. Bd2 f5 14. Bg2 f4 15. c4 Rad8 16. a3 a5 17. Qa4 Rc8 18. b4 axb4 19. axb4 Rfd8 20. bxc5 Bf8 21. Qb5 1-0

[Event "Titled Tuesday intern op 03rd Sep Early"]
[Site "Chess.com INT"]
[Date "2024.09.03"]
[Round "2"]
[White "Corredor Castellanos, Camilo"]
[Black "Zienkiewicz, Jan"]
[Result "0-1"]
[WhiteElo "1974"]
[BlackElo "2293"]
[PlyCount "78"]
[EventDate "2024.09.03"]
[EventType "swiss (blitz)"]
[EventRounds "11"]
[EventCountry "USA"]
[SourceTitle "EXT 2025"]
[Source "ChessBase"]
[SourceDate "2024.10.14"]
[SourceVersion "1"]
[SourceVersionDate "2024.10.14"]
[SourceQuality "1"]

1. d4 c5 2. c4 cxd4 3. Qxd4 Nc6 4. Qd1 g6 5. Nf3 Bg7 6. g3 Qb6 7. Qb3 Qxb3 8. axb3 Nb4 9. Na3 Nf6 10. Bg2 0-0 11. 0-0 d5 12. Bd2 Nc6 13. Bc3 a6 14. Nb5 Bf5 15. Nbd4 Nxd4 16. Nxd4 Be4 17. f3 e5 18. fxe4 exd4 19. Bxd4 Nxe4 20. Bxg7 Kxg7 21. Bxe4 dxe4 22. Rfd1 Rfd8 23. Kf2 Kf6 24. Ke3 Ke5 25. Ra5+ Ke6 26. Rxd8 Rxd8 27. Kxe4 Rd2 28. Kf3 Rxb2 29. Ra3 Kd6 30. h4 Kc5 31. h5 Kb4 32. hxg6 hxg6 33. Ra4+ Kxb3 34. Ra5 Kxc4 35. Re5 Rb5 36. Re7 a5 37. g4 f5 38. g5 a4 39. Rc7+ Kb3 0-1

[Event "Titled Tuesday intern op 03rd Sep Early"]
[Site "Chess.com INT"]
[Date "2024.09.03"]
[Round "7"]
[White "Shevchenko, Yaroslav"]
[Black "Zienkiewicz, Jan"]
[Result "0-1"]
[WhiteElo "2038"]
[BlackElo "2293"]
[PlyCount "132"]
[EventDate "2024.09.03"]
[EventType "swiss (blitz)"]
[EventRounds "11"]
[EventCountry "USA"]
[SourceTitle "EXT 2025"]
[Source "ChessBase"]
[SourceDate "2024.10.14"]
[SourceVersion "1"]
[SourceVersionDate "2024.10.14"]
[SourceQuality "1"]

1. e4 g6 2. Nf3 Bg7 3. d4 c6 4. c4 d5 5. cxd5 cxd5 6. e5 Nc6 7. Nc3 Bg4 8. Bb5 Nh6 9. h3 Bxf3 10. Qxf3 0-0 11. Bxc6 bxc6 12. Bxh6 Bxh6 13. 0-0 Rb8 14. Na4 Rb4 15. Nc5 Rxd4 16. a3 Rd2 17. b4 e6 18. Rab1 Qc7 19. a4 Bg7 20. Rfe1 Rd4 21. Qe3 Rc4 22. f4 a5 23. b5 d4 24. Qa3 cxb5 25. Rxb5 Rc3 26. Na6 Rxa3 27. Nxc7 Rxa4 28. Rc5 d3 29. g3 Rb8 30. Rd1 Bf8 31. Rc3 d2 32. Rc2 Bb4 33. Na6 Rd8 34. Nxb4 axb4 35. Rcxd2 Rda8 36. Rd8+ Kg7 37. Rxa8 Rxa8 38. Rb1 Rb8 39. Kf2 f6 40. Ke3 b3 41. Kd4 fxe5+ 42. Kxe5 Kf7 43. Kd4 Kf6 44. Rb2 Kf5 45. Kc3 Ke4 46. Rb1 b2 47. Kc2 Kf3 48. Rf1+ Kxg3 49. Kb1 Rb4 50. Re1 Rb6 51. Rf1 Kxh3 52. Rh1+ Kg3 53. Rxh7 Kxf4 54. Rg7 g5 55. Rf7+ Kg3 56. Rg7 g4 57. Rg8 Kf3 58. Rf8+ Kg2 59. Rg8 g3 60. Rf8 Kh2 61. Rf6 g2 62. Rh6+ Kg1 63. Rg6 Rb3 64. Rxe6 Kf2 65. Rf6+ Rf3 66. Rg6 g1Q+ 0-1